000 00448nam a2200181Ia 4500
005 20240823010019.0
008 240823s9999||||xx |||||||||||||| ||und||
041 _aENGLISH
082 _A006.3 N7
100 _a"Zurada,Jacek M"
245 0 _aIntroduction to Artificial Neural Systems
250 _a1st
260 _c1997
_b"Jaico,Mumbai"
500 _aTRANSFERED
650 _aNeural
_bComputer Applications
942 _cBK
999 _c157392
_d157392